000 00631nab a2200217 a 4500
005 20210219161509.0
008 991125s1985 mx 000 0 spa u
035 _aUPN01000186461
100 1 _aAraújo, Patricia
222 _aREVISTA DE LA EDUCACION SUPERIOR
245 _aUniversidades lean : contribución para la reflexión
260 _aMéxico
300 _a135-154
362 0 _a2011 Vol. 40 (4), no. 160, oct.-dic.
653 0 _aEDUCACION SUPERIOR
653 0 _aINSTITUCIONES EDUCATIVAS
653 0 _aORGANIZACION EDUCATIVA
700 1 _aDe la Cruz Salgado, Ileana,
700 1 _ecoaut.
905 _aArticulo
999 _c158564
_d158564